UM Logo

Animal diversity/ (Record no. 261)

MARC details
000 -LEADER
fixed length control field 00658nam a22001817a 4500
008 - FIXED-LENGTH DATA ELEMENTS--GENERAL INFORMATION
fixed length control field 151112b xxu||||| |||| 00| 0 eng d
020 ## - INTERNATIONAL STANDARD BOOK NUMBER
International Standard Book Number 9781259095559
082 ## - DEWEY DECIMAL CLASSIFICATION NUMBER
Edition number 2015
Classification number DC 590
Item number An598
100 ## - MAIN ENTRY--PERSONAL NAME
9 (RLIN) 558
Personal name Hickman, Cleveland P. and 4 more.
245 ## - TITLE STATEMENT
Title Animal diversity/
Statement of responsibility, etc. Larry S. Roberts, Susan L. Keen, Allan Larson, and David J. Eisenhour
250 ## - EDITION STATEMENT
Edition statement Seventh Edition
260 ## - PUBLICATION, DISTRIBUTION, ETC. (IMPRINT)
Place of publication, distribution, etc. New York:
Name of publisher, distributor, etc. McGraw-Hill Education,
Date of publication, distribution, etc. c2015.
300 ## - PHYSICAL DESCRIPTION
Extent xiii, 492 pages:
Other physical details Color illustrations;
Dimensions 27 cm.
500 ## - GENERAL NOTE
General note Includes index.
650 #0 - SUBJECT ADDED ENTRY--TOPICAL TERM
9 (RLIN) 559
Topical term or geographic name as entry element Zoology
700 ## - ADDED ENTRY--PERSONAL NAME
9 (RLIN) 561
Personal name Larry S. Roberts, Susan L. Keen, Allan Larson and David J. Eisenhour
942 ## - ADDED ENTRY ELEMENTS (KOHA)
Source of classification or shelving scheme Dewey Decimal Classification
Koha item type Circulation
Holdings
Withdrawn status Lost status Source of classification or shelving scheme Damaged status Not for loan Collection code Home library Current library Shelving location Date acquired Source of acquisition Total Checkouts Full call number Barcode Date last seen Date last checked out Copy number Price effective from Koha item type
    Dewey Decimal Classification     Circulation UM Digos College - LIC UM Digos College - LIC Book Cart 08/28/2015 Purchased 1 DC 590 An598 2015 23717 05/15/2025 02/26/2019 1 11/12/2015 Circulation